000 01574nam a2200337 i 4500
001 196867
003 SpMaBN
005 20250802063125.0
008 250113s2024 sp |||||| 000 | spa|
017 _aM 21164-2024
_bOficina Depósito Legal Madrid
020 _a9788430991853
040 _aSpMaBN
_bspa
_cSpMaBN
_erda
245 1 0 _aGuía completa del coliving :
_bconoce a través de los principales protagonistas del Flex Living, todos sus aspectos, sociales, jurídicos, económicos y arquitectónicos /
_cAraceli Martín-Navarro, Sandra Daza Silva (coordinadoras) ; prólogo de Sigfrido Herráez y Enrique Manzano.
260 _aMadrid :
_bEditorial Tecnos,
_c2024.
300 _a251 páginas ;
_c23 cm
336 _aTexto
_2rdacontent
337 _asin mediación
_2rdamedia
338 _avolumen
_2rdacarrier
650 7 _9136998
_aVivienda
700 1 _aMartín-Navarro, Araceli
_ecoor
_9241482
700 1 _aDaza Silva, Sandra
_ecoor
_9241483
700 1 _aHerráez, Sigfrido
_eaui
_9241484
700 1 _aManzano, Enrique
_eaui
_9241485
852 _aES-MaACL
_cDEPOJ
_jN-10298
_gDedicatoria autógrafa de los coordinadores
_hDonación: Araceli Martín-Navarro; Sandra Daza Silva
_xEncuadernación rústica con solapas
_9206420
903 _aMartín-Navarro, Araceli
_ednr
903 _aDaza Silva, Sandra
_ednr
942 _cMONOGRAFIA
_n0
999 _c196867
_d196867